000 00820cam a2200265 a 4500
001 14755011
005 20180110080642.0
008 070302s2009 maua b 001 0 eng
010 _a 2007923965
_z 2007942041
020 _a9780618247691 (student text)
020 _a0618247696 (student text)
020 _a9780618833313 (instructor's exam copy)
020 _a0618247696 (instructor's exam copy)
040 _aDLC
_cDLC
_dDLC
041 _aeng
080 _a809.89282 JOH
082 0 0 _a809.89282 JOH
_222
100 1 _a46
101 _aEDU
245 1 4 _aThe joy of children's literature /
_cDenise Johnson.
504 _aIncludes bibliographical references and indexes.
906 _a7
_bcbc
_corignew
_d2
_eepcn
_f20
_gy-gencatlg
942 _2ddc
_cBK
999 _c40024
_d40024